LEADER 00515nab a2200145 i 4500 001 000000263029 003 CaOOAMICUS 005 20051116000000.0 008 051116n xx uu u0 0und r 013 $a4528 040 $aSeMil$bita 245 13$aLe profil des prętres de demain. - Titolo principale dalla copertina. 500 $a18 avril 2004 (N° 2312). 773 0 $t[2004.$dParis : Bayard, 2004.$w()141393 996 $6245$aLe profil des prętres de demain. - Titolo principale dalla copertina.$9(OLS)http://semarc/title/356302 LEADER 01305nam a2200265 i 4500 001 000000237825 003 CaOOAMICUS 005 20230315112843.0 008 180830s2001 it u000 u ita u 013 $a216730 040 $aSeMil$bita 245 13$aLa Diocesi di Milano e il Museo Diocesano :$bl'epoca di Ambrogio. 260 $aMilano :$bSocietŕ Editoriale ARPANet,$ccopyr. 2001. 300 $a1 CD-ROM ;$c13X15 cm. 500 $aRequisiti del sistema: Processore Intel Pentiuel , 64 Mb RAM, Lettore di Cd-rom 8x, Scheda grafica (800x600, 65000 colori), Scheda audio e altoparlanti. - COLLOCAZIONE : UFFICIO. 600 04$aAmbrogio .$0(OLS)http://semarc/subject/356 710 0 $aMuseo Diocesano .$0(OLS)http://semarc/name/44736 710 2 $aArcidiocesi di Milano.$0(OLS)http://semarc/name/400 850 $aSeMil 852 $aSeMil$W1$xVenegono$y1$mMM A 15$j224414$B235463$CSeMilBibl$Z2$F235463 $8I 910 0 $aArcidiocesi di Milano : Museo diocesano "Carlo Maria Martini". 996 $6245$aLa Diocesi di Milano e il Museo Diocesano :$bl'epoca di Ambrogio$9(OLS)http://semarc/title/339013 996 $6260$aMilano :$bSocietŕ Editoriale ARPANet$9(OLS)http://semarc/publisher/48425